Agricultura socialista: Chile y dieciseis paises

I tiakina i:
Ngā taipitopito rārangi puna kōrero
Kaituhi matua: Gimeno Sanz, José M (Author)
Hōputu: Pukapuka
Reo:Pāniora
I whakaputaina: Santiago Universitaria 1972
Rangatū:Colección Agricultura
Ngā marau:
Ngā Tūtohu: Tāpirihia he Tūtohu
Kāore He Tūtohu, Me noho koe te mea tuatahi ki te tūtohu i tēnei pūkete!

MARC

LEADER 00000nam a2200000 a 4500
001 UCY2030
003 CL-VaPUC
008 941006e19720000CL |||||||||||||||||spa|d
082 0 4 |a 630  |b GIM  |2 21 
100 0 |a Gimeno Sanz, José M  |e author  |9 330096 
245 1 0 |a Agricultura socialista: Chile y dieciseis paises 
300 |a 155 p 
942 |c BK 
945 |d 19941006 00:00:00  |a rbrito 
260 |a Santiago  |b Universitaria  |c 1972 
650 0 |a Agricultura y el Estado  |9 330097 
650 0 |a Agricultura   |x 1970-1973  |9 330098 
651 7 |a CHILE  |2 CL-VaPUC  |9 330099 
583 |a last modification  |c 19941006 00:00:00  |k Rodrigo Vera 
490 0 |a Colección Agricultura 
999 |c 230554  |d 230552 
952 |0 0  |1 0  |4 0  |6 630_000000000000000_GIM_1972  |7 0  |8 A  |9 232919  |a BIBHIS  |b BIBHIS  |d 2019-11-15  |i 3019586  |o 630 GIM 1972  |p 3019586  |r 2025-01-20  |w 2019-11-15  |y BK  |k HIS